[Event "13th World Teams Pool B"]
[Site "Jerusalem ISR"]
[Date "2022.11.20"]
[Round "2.2"]
[White "Radjabov, Teimour"]
[Black "Bruzon Batista, Lazaro"]
[Result "1-0"]
[WhiteElo "2747"]
[BlackElo "2615"]
[PlyCount "85"]
[EventDate "2022.11.20"]
[SourceTitle "Ajedrez en Madrid"]
[Source "lmi"]
[SourceDate "2022.11.20"]
[SourceVersion "1"]
[SourceVersionDate "2022.11.25"]
[SourceQuality "1"]
[WhiteTeam "Azerbaijan"]
[BlackTeam "United States"]
[WhiteTeamCountry "AZE"]
[BlackTeamCountry "USA"]

1. d4 Nf6 2. c4 e6 3. Nc3 Bb4 4. g3 c5 5. Nf3 Nc6 6. Bg2 Ne4 7. Bd2 Nxd2 8. Qxd2 cxd4 9. Nxd4 O-O 10. O-O Ne5 11. b3 a6 12. Rfd1 Qa5 13. Rac1 Rb8 14. Qe3 f6 15. a3 Be7 16. Ne4 f5 17. b4 Qc7 18. Nd2 Ng4 19. Qc3 b6 20. c5 bxc5 21. bxc5 Rf7 22. e3 Nf6 23. Qa1 g6 24. N4f3 Rb5 25. Ne5 Rf8 26. Nd3 Ne8 27. a4 Rb8 28. Nc4 Bf6 29. Qa2 Kh8 30. a5 Bg7 31. Nb6 Nf6 32. Nb4 Bb7 33. c6 dxc6 34. Nxc6 Rbe8 35. Nd4 Qf7 36. Bxb7 Qxb7 37. Nxe6 Qf7 38. Rc6 Re7 39. Qc4 Rfe8 40. Rd8 Ng4 41. Rcc8 Ne5 42. Qa4 Rxd8 43. Rxd8+ 1-0

[Event "13th World Teams Pool B"]
[Site "Jerusalem ISR"]
[Date "2022.11.20"]
[Round "2.2"]
[White "Onischuk, Alexander"]
[Black "Guseinov, Gadir"]
[Result "1/2-1/2"]
[WhiteElo "2640"]
[BlackElo "2661"]
[PlyCount "39"]
[EventDate "2022.11.20"]
[SourceTitle "Ajedrez en Madrid"]
[Source "lmi"]
[SourceDate "2022.11.20"]
[SourceVersion "1"]
[SourceVersionDate "2022.11.25"]
[SourceQuality "1"]
[WhiteTeam "United States"]
[BlackTeam "Azerbaijan"]
[WhiteTeamCountry "USA"]
[BlackTeamCountry "AZE"]

1. d4 Nf6 2. c4 g6 3. Nc3 Bg7 4. e4 d6 5. Nf3 O-O 6. Be2 e5 7. Be3 c6 8. d5 Na6 9. Nd2 Ne8 10. O-O f5 11. exf5 gxf5 12. f4 exf4 13. Rxf4 Bh6 14. Kh1 Bxf4 15. Bxf4 Qh4 16. Qf1 Nc5 17. Bg3 Qh6 18. Bf4 Qh4 19. Bg3 Qh6 20. Bf4 1/2-1/2

[Event "13th World Teams Pool B"]
[Site "Jerusalem ISR"]
[Date "2022.11.20"]
[Round "2.2"]
[White "Asadli, Vugar"]
[Black "Quesada Perez, Yuniesky"]
[Result "1/2-1/2"]
[WhiteElo "2567"]
[BlackElo "2583"]
[PlyCount "83"]
[EventDate "2022.11.20"]
[SourceTitle "Ajedrez en Madrid"]
[Source "lmi"]
[SourceDate "2022.11.20"]
[SourceVersion "1"]
[SourceVersionDate "2022.11.25"]
[SourceQuality "1"]
[WhiteTeam "Azerbaijan"]
[BlackTeam "United States"]
[WhiteTeamCountry "AZE"]
[BlackTeamCountry "USA"]

1. e4 e5 2. Nf3 Nc6 3. Bb5 Nf6 4. O-O Nxe4 5. Re1 Nd6 6. Bf1 Be7 7. Nc3 O-O 8. d4 e4 9. Nxe4 Nxe4 10. Rxe4 d5 11. Re1 Bf5 12. Bd3 Bxd3 13. Qxd3 Qd7 14. Bf4 Rfe8 15. c3 a6 16. h4 h6 17. g3 Bd6 18. Bxd6 Qxd6 19. Kg2 Qd7 20. Nh2 Rxe1 21. Rb1 Rd1 22. Rxd1 Rd8 23. Re1 Re8 24. Rxe8+ Qxe8 25. Qf5 Ne7 26. Qe5 Qd7 27. h5 f6 28. Qf4 Nc8 29. Ng4 Nd6 30. Ne3 Qe6 31. g4 c6 32. f3 Kf7 33. Kf2 Ke7 34. a4 a5 35. b3 Kd7 36. Ke2 b5 37. Kd3 bxa4 38. bxa4 Qe8 39. Kc2 Qe6 40. Kd3 Qe8 41. Kc2 Qe6 42. Kd3 1/2-1/2

[Event "13th World Teams Pool B"]
[Site "Jerusalem ISR"]
[Date "2022.11.20"]
[Round "2.3"]
[White "Vidit, Santosh Gujrathi"]
[Black "Wojtaszek, Radoslaw"]
[Result "1/2-1/2"]
[WhiteElo "2724"]
[BlackElo "2686"]
[PlyCount "145"]
[EventDate "2022.11.20"]
[SourceTitle "Ajedrez en Madrid"]
[Source "lmi"]
[SourceDate "2022.11.20"]
[SourceVersion "1"]
[SourceVersionDate "2022.11.25"]
[SourceQuality "1"]
[WhiteTeam "India"]
[BlackTeam "Poland"]
[WhiteTeamCountry "IND"]
[BlackTeamCountry "POL"]

1. d4 Nf6 2. c4 e6 3. Nf3 d5 4. Nc3 Bb4 5. Qa4+ Nc6 6. e3 O-O 7. Qc2 Ne7 8. Bd2 b6 9. cxd5 exd5 10. a3 Bf5 11. Bd3 Bxd3 12. Qxd3 Bd6 13. Nb5 c5 14. Nxd6 Qxd6 15. dxc5 bxc5 16. O-O a5 17. Bc3 Ne4 18. Nd2 Nxc3 19. bxc3 Rfd8 20. Rfd1 h6 21. Rab1 Qc6 22. h3 c4 23. Qc2 Rab8 24. a4 g6 25. Nf3 Nf5 26. g4 Ne7 27. Nd4 Qf6 28. Rxb8 Rxb8 29. Rb1 Ra8 30. Rb5 h5 31. Qe2 hxg4 32. hxg4 Qd6 33. Qf3 Kg7 34. Qf4 Qxf4 35. exf4 Kf8 36. Kg2 Ke8 37. Kf3 Ra6 38. Rb8+ Kd7 39. Rb7+ Ke8 40. Ke3 Nc8 41. Nb5 Rb6 42. Rc7 Re6+ 43. Kd2 Nb6 44. Ra7 Rf6 45. Rxa5 Rxf4 46. Ra6 Nc8 47. Nc7+ Kd7 48. Nxd5 Rxf2+ 49. Ke3 Rg2 50. a5 g5 51. Rh6 Nd6 52. a6 Ra2 53. Nb4 Ra5 54. Kd4 f5 55. Rh7+ Ke6 56. gxf5+ Kxf5 57. Rh6 Ne8 58. Rc6 g4 59. Nd5 g3 60. Ne3+ Kf4 61. Re6 Nc7 62. Rf6+ Kg5 63. Rf3 Rxa6 64. Rxg3+ Kf4 65. Rg1 Nb5+ 66. Kxc4 Nxc3 67. Re1 Rc6+ 68. Kd3 Rc8 69. Nc4 Nd5 70. Re4+ Kg3 71. Nd6 Nf4+ 72. Rxf4 Kxf4 73. Nxc8 1/2-1/2

[Event "13th World Teams Pool B"]
[Site "Jerusalem ISR"]
[Date "2022.11.20"]
[Round "2.3"]
[White "Piorun, Kacper"]
[Black "Nihal, Sarin"]
[Result "1/2-1/2"]
[WhiteElo "2611"]
[BlackElo "2670"]
[PlyCount "124"]
[EventDate "2022.11.20"]
[SourceTitle "Ajedrez en Madrid"]
[Source "lmi"]
[SourceDate "2022.11.20"]
[SourceVersion "1"]
[SourceVersionDate "2022.11.25"]
[SourceQuality "1"]
[WhiteTeam "Poland"]
[BlackTeam "India"]
[WhiteTeamCountry "POL"]
[BlackTeamCountry "IND"]

1. e4 e5 2. Nf3 Nc6 3. Bb5 a6 4. Ba4 Nf6 5. O-O Be7 6. d3 b5 7. Bb3 d6 8. a3 O-O 9. Nc3 Na5 10. Ba2 Be6 11. b4 Bxa2 12. Nxa2 Nc6 13. Bd2 Re8 14. Re1 Qd7 15. c4 Nd4 16. Nc3 Nxf3+ 17. Qxf3 c6 18. h3 Qe6 19. Rec1 h6 20. Ne2 Bf8 21. Ng3 g6 22. a4 Bg7 23. axb5 axb5 24. Ra5 Reb8 25. cxb5 cxb5 26. Qd1 Nd7 27. Nf1 Rxa5 28. bxa5 Nc5 29. Bb4 Na6 30. Be1 b4 31. Ne3 b3 32. Nd5 Qd7 33. Rc6 Nc5 34. Bb4 Kh8 35. Rb6 Rxb6 36. axb6 Qb5 37. Qa1 Na4 38. Qa3 b2 39. Qb3 Nxb6 40. Nxb6 Qxb6 41. Qxb2 Bf8 42. Qa3 Kg7 43. Kf1 Be7 44. Ke2 Qc6 45. Qb3 Qb7 46. Qc3 Kg8 47. Ba3 Qa6 48. g3 h5 49. Bb2 Qb7 50. Kf1 Bf6 51. Ba3 d5 52. exd5 Qxd5 53. Qc8+ Kg7 54. Kg1 h4 55. Qc4 Qa8 56. Qb4 hxg3 57. fxg3 Bg5 58. Kf2 Qa7+ 59. Qc5 Qd7 60. Qxe5+ Bf6 61. Bf8+ Kxf8 62. Qxf6 Qxd3 1/2-1/2

[Event "13th World Teams Pool B"]
[Site "Jerusalem ISR"]
[Date "2022.11.20"]
[Round "2.3"]
[White "Narayanan, S.L."]
[Black "Bartel, Mateusz"]
[Result "1-0"]
[WhiteElo "2673"]
[BlackElo "2627"]
[PlyCount "67"]
[EventDate "2022.11.20"]
[SourceTitle "Ajedrez en Madrid"]
[Source "lmi"]
[SourceDate "2022.11.20"]
[SourceVersion "1"]
[SourceVersionDate "2022.11.25"]
[SourceQuality "1"]
[WhiteTeam "India"]
[BlackTeam "Poland"]
[WhiteTeamCountry "IND"]
[BlackTeamCountry "POL"]

1. d4 d5 2. c4 e6 3. Nf3 Nf6 4. Nc3 Nbd7 5. cxd5 exd5 6. Bg5 c6 7. e3 Be7 8. Bd3 h6 9. Bf4 Nh5 10. Be5 Nxe5 11. dxe5 g6 12. Qc2 Ng7 13. O-O-O O-O 14. h4 Bg4 15. Kb1 Rc8 16. Ka1 Qc7 17. Ne2 Rfd8 18. Nh2 Bxe2 19. Bxe2 Qxe5 20. Ng4 Qe4 21. Nxh6+ Kf8 22. Bd3 Qe5 23. h5 gxh5 24. Nf5 Nxf5 25. Bxf5 Rc7 26. Rxh5 Bf6 27. Bg4 Qd6 28. Rdh1 d4 29. Qe4 dxe3 30. Rh8+ Bxh8 31. Rxh8+ Kg7 32. Qh7+ Kf6 33. Qh6+ Ke7 34. Qxe3+ 1-0

[Event "13th World Teams Pool B"]
[Site "Jerusalem ISR"]
[Date "2022.11.20"]
[Round "2.3"]
[White "Janik, Igor"]
[Black "Sethuraman, S.P."]
[Result "1-0"]
[WhiteElo "2539"]
[BlackElo "2643"]
[PlyCount "95"]
[EventDate "2022.11.20"]
[SourceTitle "Ajedrez en Madrid"]
[Source "lmi"]
[SourceDate "2022.11.20"]
[SourceVersion "1"]
[SourceVersionDate "2022.11.25"]
[SourceQuality "1"]
[WhiteTeam "Poland"]
[BlackTeam "India"]
[WhiteTeamCountry "POL"]
[BlackTeamCountry "IND"]

1. c4 Nf6 2. Nf3 e6 3. g3 d5 4. Bg2 c6 5. O-O Be7 6. d4 O-O 7. Nc3 b6 8. Ne5 Bb7 9. e4 Na6 10. Bf4 dxc4 11. Nxc4 b5 12. Ne3 b4 13. e5 Nd5 14. Ncxd5 cxd5 15. h4 Qb6 16. h5 f5 17. Qd2 Nc7 18. a4 b3 19. Rfc1 Rac8 20. g4 Bb4 21. Qd1 fxg4 22. Bg3 h6 23. Qxg4 Rf7 24. Rd1 Rcf8 25. Rd3 a5 26. Rxb3 Ba6 27. Qd1 Bc4 28. Nxc4 dxc4 29. Re3 Rd7 30. Qg4 Rxd4 31. Be4 Bc5 32. Rf1 Qxb2 33. Qg6 Rxe4 34. Rxe4 c3 35. Rc4 Bb6 36. Rf4 Qd2 37. Rxf8+ Kxf8 38. Qg4 c2 39. Qf4+ Qxf4 40. Bxf4 Nd5 41. Bd2 Nb4 42. Rc1 Nd3 43. Rxc2 Nxe5 44. Kg2 Ke7 45. Bxa5 Bxa5 46. Rc5 Kd6 47. Rxa5 g6 48. Rxe5 1-0

[Event "13th World Teams Pool B"]
[Site "Jerusalem ISR"]
[Date "2022.11.21"]
[Round "3.1"]
[White "Wojtaszek, Radoslaw"]
[Black "Rodshtein, Maxim"]
[Result "1-0"]
[WhiteElo "2686"]
[BlackElo "2618"]
[PlyCount "61"]
[EventDate "2022.11.20"]
[SourceTitle "Ajedrez en Madrid"]
[Source "lmi"]
[SourceDate "2022.11.20"]
[SourceVersion "1"]
[SourceVersionDate "2022.11.25"]
[SourceQuality "1"]
[WhiteTeam "Poland"]
[BlackTeam "Israel"]
[WhiteTeamCountry "POL"]
[BlackTeamCountry "ISR"]

1. d4 Nf6 2. Nf3 e6 3. c4 d5 4. Nc3 c6 5. Bg5 h6 6. Bxf6 Qxf6 7. e3 Nd7 8. Be2 dxc4 9. O-O g6 10. Ne4 Qe7 11. Ne5 Bg7 12. f4 O-O 13. Bxc4 Rd8 14. Qf3 Kh7 15. Qg3 Nf8 16. h4 f5 17. Nc5 Bf6 18. h5 gxh5 19. Rad1 Bxe5 20. fxe5 Qg5 21. Qf3 Qg4 22. Qf2 b6 23. Nd3 Ng6 24. Nf4 Nxf4 25. exf4 h4 26. Rd3 c5 27. Rh3 Rxd4 28. Be2 Qg7 29. Qxh4 Bb7 30. Rg3 Qd7 31. Kf2 1-0

[Event "13th World Teams Pool B"]
[Site "Jerusalem ISR"]
[Date "2022.11.21"]
[Round "3.1"]
[White "Nabaty, Tamir"]
[Black "Piorun, Kacper"]
[Result "1-0"]
[WhiteElo "2629"]
[BlackElo "2611"]
[PlyCount "99"]
[EventDate "2022.11.20"]
[SourceTitle "Ajedrez en Madrid"]
[Source "lmi"]
[SourceDate "2022.11.20"]
[SourceVersion "1"]
[SourceVersionDate "2022.11.25"]
[SourceQuality "1"]
[WhiteTeam "Israel"]
[BlackTeam "Poland"]
[WhiteTeamCountry "ISR"]
[BlackTeamCountry "POL"]

1. d4 Nf6 2. Nf3 e6 3. Bf4 b6 4. e3 Bb7 5. Nbd2 c5 6. c3 Be7 7. h3 O-O 8. Bd3 d6 9. O-O cxd4 10. cxd4 Nbd7 11. e4 Re8 12. Re1 a6 13. Bh2 Bf8 14. Rc1 b5 15. e5 dxe5 16. dxe5 Nc5 17. Bb1 Nfd7 18. Bf4 Be7 19. b4 Na4 20. Ne4 Nf8 21. Nd6 Bxd6 22. exd6 Nb2 23. Qd4 Nc4 24. Bd3 e5 25. Bxe5 Ne6 26. Qh4 Qxh4 27. Nxh4 Nxe5 28. Rxe5 Red8 29. Rd1 g6 30. Be2 Rac8 31. Bg4 Rc4 32. Rxe6 Rxg4 33. Re8+ Rxe8 34. hxg4 f6 35. f4 Kf7 36. f5 Bc6 37. Kf2 Bd7 38. Rd4 Re5 39. Nf3 Re8 40. Rf4 gxf5 41. gxf5 Rc8 42. Nd4 Rc4 43. Re4 Kg8 44. Ke3 Rc3+ 45. Kf4 Rc4 46. Ne6 Rc2 47. Nc5 Bc6 48. d7 Bxd7 49. Nxd7 Rxg2 50. Re7 1-0

[Event "13th World Teams Pool B"]
[Site "Jerusalem ISR"]
[Date "2022.11.21"]
[Round "3.1"]
[White "Bartel, Mateusz"]
[Black "Boruchovsky, Avital"]
[Result "1/2-1/2"]
[WhiteElo "2627"]
[BlackElo "2552"]
[PlyCount "63"]
[EventDate "2022.11.20"]
[SourceTitle "Ajedrez en Madrid"]
[Source "lmi"]
[SourceDate "2022.11.20"]
[SourceVersion "1"]
[SourceVersionDate "2022.11.25"]
[SourceQuality "1"]
[WhiteTeam "Poland"]
[BlackTeam "Israel"]
[WhiteTeamCountry "POL"]
[BlackTeamCountry "ISR"]

1. e4 e5 2. Nf3 Nc6 3. Bb5 a6 4. Ba4 Nf6 5. d3 b5 6. Bb3 Be7 7. O-O Bb7 8. Nc3 O-O 9. Bd2 d6 10. Ne2 d5 11. exd5 Nxd5 12. Ng3 Nd4 13. Nxd4 exd4 14. Nf5 Bf6 15. Qg4 Kh8 16. Rfe1 c5 17. Qg3 Qd7 18. Nd6 Bc6 19. Bxd5 Bxd5 20. Bf4 Rad8 21. h4 Be6 22. Ne4 Be7 23. Bc7 Rc8 24. Bd6 Bxd6 25. Qxd6 Qxd6 26. Nxd6 Rc6 27. Ne4 h6 28. b3 Bd5 29. Ng3 Be6 30. Ne4 Bd5 31. Ng3 Be6 32. Ne4 1/2-1/2

[Event "13th World Teams Pool B"]
[Site "Jerusalem ISR"]
[Date "2022.11.21"]
[Round "3.1"]
[White "Kobo, Ori"]
[Black "Janik, Igor"]
[Result "1/2-1/2"]
[WhiteElo "2554"]
[BlackElo "2539"]
[PlyCount "86"]
[EventDate "2022.11.20"]
[SourceTitle "Ajedrez en Madrid"]
[Source "lmi"]
[SourceDate "2022.11.20"]
[SourceVersion "1"]
[SourceVersionDate "2022.11.25"]
[SourceQuality "1"]
[WhiteTeam "Israel"]
[BlackTeam "Poland"]
[WhiteTeamCountry "ISR"]
[BlackTeamCountry "POL"]

1. d4 Nf6 2. c4 e6 3. Nc3 Bb4 4. e3 O-O 5. Bd3 d5 6. a3 Bxc3+ 7. bxc3 c6 8. Ne2 b6 9. cxd5 cxd5 10. f3 Ba6 11. Bxa6 Nxa6 12. Qd3 Qc8 13. e4 Nc7 14. Bg5 Nd7 15. O-O Qa6 16. Qe3 Rac8 17. e5 Qa4 18. Rab1 Qc6 19. Ng3 f6 20. exf6 Nxf6 21. Ne2 Nb5 22. a4 Na3 23. Rbc1 Nc4 24. Qf2 Ne4 25. Qh4 Nxg5 26. Qxg5 Qxa4 27. Rfe1 Qd7 28. Nf4 Rf6 29. Qg4 Re8 30. Re2 Qf7 31. g3 h5 32. Nxh5 Rg6 33. Qf4 Rh6 34. Qxf7+ Kxf7 35. Nf4 g5 36. Nd3 a5 37. Ne5+ Nxe5 38. Rxe5 Rg6 39. Rb1 Rc8 40. Rxb6 Rxc3 41. Rb7+ Kf6 42. Rb6 Kf7 43. Rb7+ Kf6 1/2-1/2

[Event "13th World Teams Pool B"]
[Site "Jerusalem ISR"]
[Date "2022.11.21"]
[Round "3.2"]
[White "Mamedyarov, Shakhriyar"]
[Black "Vidit, Santosh Gujrathi"]
[Result "0-1"]
[WhiteElo "2741"]
[BlackElo "2724"]
[PlyCount "68"]
[EventDate "2022.11.20"]
[SourceTitle "Ajedrez en Madrid"]
[Source "lmi"]
[SourceDate "2022.11.20"]
[SourceVersion "1"]
[SourceVersionDate "2022.11.25"]
[SourceQuality "1"]
[WhiteTeam "Azerbaijan"]
[BlackTeam "India"]
[WhiteTeamCountry "AZE"]
[BlackTeamCountry "IND"]

1. d4 Nf6 2. c4 e6 3. Nc3 Bb4 4. g3 O-O 5. Bg2 d5 6. Nf3 dxc4 7. O-O Nc6 8. Re1 Nd5 9. Bd2 Nb6 10. e3 Re8 11. Ne4 a5 12. a3 Bd6 13. Bc3 Qe7 14. Nfd2 a4 15. f4 Bd7 16. Qc2 h6 17. Rad1 Reb8 18. g4 f6 19. h4 f5 20. gxf5 exf5 21. Nxd6 Qxd6 22. d5 Ne7 23. Be5 Qc5 24. Bd4 Qb5 25. Kh2 Rf8 26. Rg1 Rf7 27. Bf3 Nexd5 28. Bh5 Re7 29. Ne4 fxe4 30. Qg2 Nxf4 31. Qxg7+ Rxg7 32. Rxg7+ Kf8 33. Rf7+ Ke8 34. Rxf4+ Qxh5 0-1

[Event "13th World Teams Pool B"]
[Site "Jerusalem ISR"]
[Date "2022.11.21"]
[Round "3.2"]
[White "Nihal, Sarin"]
[Black "Radjabov, Teimour"]
[Result "1/2-1/2"]
[WhiteElo "2670"]
[BlackElo "2747"]
[PlyCount "66"]
[EventDate "2022.11.20"]
[SourceTitle "Ajedrez en Madrid"]
[Source "lmi"]
[SourceDate "2022.11.20"]
[SourceVersion "1"]
[SourceVersionDate "2022.11.25"]
[SourceQuality "1"]
[WhiteTeam "India"]
[BlackTeam "Azerbaijan"]
[WhiteTeamCountry "IND"]
[BlackTeamCountry "AZE"]

1. d4 Nf6 2. Nf3 d5 3. c4 e6 4. g3 Be7 5. Bg2 O-O 6. Qd3 c5 7. O-O Nc6 8. cxd5 exd5 9. dxc5 Bxc5 10. a3 Ne4 11. Nc3 Nxc3 12. Qxc3 Be7 13. Be3 Bf6 14. Bd4 Nxd4 15. Nxd4 Qb6 16. Rfd1 Be6 17. e3 Rac8 18. Qb4 Qxb4 19. axb4 a6 20. b5 axb5 21. Nxb5 Rc5 22. Nd4 Rfc8 23. Bf3 Kf8 24. Kg2 Rc4 25. Ra5 Bxd4 26. Rxd4 Rxd4 27. exd4 Rc4 28. Bxd5 Bxd5+ 29. Rxd5 Rb4 30. Rd7 Rxb2 31. d5 g5 32. d6 Kg7 33. Re7 Rd2 1/2-1/2

[Event "13th World Teams Pool B"]
[Site "Jerusalem ISR"]
[Date "2022.11.21"]
[Round "3.2"]
[White "Guseinov, Gadir"]
[Black "Narayanan, S.L."]
[Result "1/2-1/2"]
[WhiteElo "2661"]
[BlackElo "2673"]
[PlyCount "102"]
[EventDate "2022.11.20"]
[SourceTitle "Ajedrez en Madrid"]
[Source "lmi"]
[SourceDate "2022.11.20"]
[SourceVersion "1"]
[SourceVersionDate "2022.11.25"]
[SourceQuality "1"]
[WhiteTeam "Azerbaijan"]
[BlackTeam "India"]
[WhiteTeamCountry "AZE"]
[BlackTeamCountry "IND"]

1. e4 e5 2. Nf3 Nc6 3. Nc3 Nf6 4. d4 exd4 5. Nxd4 Bb4 6. Nxc6 bxc6 7. Bd3 O-O 8. O-O d5 9. Bd2 a5 10. Re1 Re8 11. exd5 Rxe1+ 12. Qxe1 cxd5 13. Ne2 Bc5 14. h3 Ne4 15. Bxe4 dxe4 16. Be3 Bb4 17. Qd1 Qe8 18. a3 Bf8 19. Qd5 c6 20. Qd2 a4 21. Rd1 Be6 22. Qc3 f6 23. Bc5 Qh5 24. Bxf8 Qxe2 25. Re1 Qc4 26. Qxc4 Bxc4 27. Bb4 f5 28. Rd1 Bd5 29. Rd4 Kf7 30. c4 Be6 31. Bd6 g5 32. c5 Bd5 33. Kf1 f4 34. g3 f3 35. Ke1 Re8 36. Rxa4 e3 37. Rb4 exf2+ 38. Kxf2 Re2+ 39. Kf1 Rc2 40. b3 Rc1+ 41. Kf2 Rc2+ 42. Kf1 Ke6 43. a4 Rc1+ 44. Kf2 Rc2+ 45. Kf1 Ra2 46. g4 Ra1+ 47. Kf2 Ra2+ 48. Kf1 Ra1+ 49. Kf2 Ra2+ 50. Kf1 Ra3 51. Kf2 Ra2+ 1/2-1/2

[Event "13th World Teams Pool B"]
[Site "Jerusalem ISR"]
[Date "2022.11.21"]
[Round "3.2"]
[White "Sasikiran, Krishnan"]
[Black "Mamedov, Rauf"]
[Result "1/2-1/2"]
[WhiteElo "2636"]
[BlackElo "2646"]
[PlyCount "57"]
[EventDate "2022.11.20"]
[SourceTitle "Ajedrez en Madrid"]
[Source "lmi"]
[SourceDate "2022.11.20"]
[SourceVersion "1"]
[SourceVersionDate "2022.11.25"]
[SourceQuality "1"]
[WhiteTeam "India"]
[BlackTeam "Azerbaijan"]
[WhiteTeamCountry "IND"]
[BlackTeamCountry "AZE"]

1. d4 Nf6 2. c4 g6 3. g3 c6 4. Nf3 Bg7 5. Bg2 d5 6. O-O O-O 7. b3 a5 8. Nc3 Ne4 9. Bb2 Bf5 10. Rc1 Nxc3 11. Bxc3 Be4 12. Bh3 Bxf3 13. exf3 e6 14. f4 Nd7 15. Qe2 Nf6 16. Bg2 Ne8 17. h4 Nd6 18. Rfd1 Re8 19. a4 h5 20. Qd3 Nf5 21. Bh3 Nd6 22. Bg2 Nf5 23. Bh3 Nd6 24. Rb1 Ne4 25. Be1 Nd6 26. Bd2 Ne4 27. Be1 Nd6 28. Bd2 Ne4 29. Be1 1/2-1/2

[Event "13th World Teams Pool B"]
[Site "Jerusalem ISR"]
[Date "2022.11.21"]
[Round "3.3"]
[White "Yakubboev, Nodirbek"]
[Black "Niemann, Hans Moke"]
[Result "1/2-1/2"]
[WhiteElo "2667"]
[BlackElo "2699"]
[PlyCount "88"]
[EventDate "2022.11.20"]
[SourceTitle "Ajedrez en Madrid"]
[Source "lmi"]
[SourceDate "2022.11.20"]
[SourceVersion "1"]
[SourceVersionDate "2022.11.25"]
[SourceQuality "1"]
[WhiteTeam "Uzbekistan"]
[BlackTeam "United States"]
[WhiteTeamCountry "UZB"]
[BlackTeamCountry "USA"]

1. e4 e5 2. Nf3 Nc6 3. Bc4 Nf6 4. d3 Bc5 5. O-O d6 6. c3 a6 7. Bb3 O-O 8. h3 h6 9. Re1 Re8 10. Nbd2 Be6 11. Bxe6 Rxe6 12. b4 Ba7 13. a4 Qd7 14. Nf1 Ne7 15. Be3 Bxe3 16. Nxe3 Ng6 17. Ra2 d5 18. Rd2 dxe4 19. dxe4 Rd6 20. Nd5 Nxd5 21. exd5 f6 22. c4 Nf4 23. g3 Nxh3+ 24. Kh2 Rd8 25. c5 Nxf2 26. Rxf2 Rxd5 27. Qb3 Kh8 28. Re3 Qg4 29. Kg2 e4 30. Nh2 Qg6 31. Nf1 f5 32. Ree2 Rd3 33. Qb2 Qe6 34. Ne3 Rf8 35. Rf4 Rf7 36. Qa1 h5 37. Rh4 Qh6 38. Qe5 Rxe3 39. Rxe3 Qxe3 40. Rxh5+ Kg8 41. Qe8+ Rf8 42. Qe6+ Rf7 43. Qe8+ Rf8 44. Qe6+ Rf7 1/2-1/2

[Event "13th World Teams Pool B"]
[Site "Jerusalem ISR"]
[Date "2022.11.21"]
[Round "3.3"]
[White "Bruzon Batista, Lazaro"]
[Black "Sindarov, Javokhir"]
[Result "0-1"]
[WhiteElo "2615"]
[BlackElo "2654"]
[PlyCount "102"]
[EventDate "2022.11.20"]
[SourceTitle "Ajedrez en Madrid"]
[Source "lmi"]
[SourceDate "2022.11.20"]
[SourceVersion "1"]
[SourceVersionDate "2022.11.25"]
[SourceQuality "1"]
[WhiteTeam "United States"]
[BlackTeam "Uzbekistan"]
[WhiteTeamCountry "USA"]
[BlackTeamCountry "UZB"]

1. d4 Nf6 2. Nf3 g6 3. g3 Bg7 4. Bg2 O-O 5. c4 d6 6. O-O Nc6 7. Nc3 Bg4 8. Be3 Qd7 9. Rc1 Bh3 10. d5 Na5 11. b3 Bxg2 12. Kxg2 c5 13. Qd3 a6 14. Bd2 b5 15. Nd1 Nb7 16. e4 e6 17. Nc3 b4 18. Na4 Rae8 19. Rce1 Qc7 20. Bc1 Re7 21. dxe6 Rxe6 22. Ng5 Re7 23. f3 Na5 24. Rd1 Rd8 25. Nh3 Nc6 26. Bg5 Re5 27. Qd2 Nd4 28. Nb2 Qb7 29. Bxf6 Bxf6 30. Kh1 Bg7 31. Nd3 Ree8 32. Ndf4 a5 33. Nd5 a4 34. Qd3 Ra8 35. Rf2 axb3 36. axb3 Ra3 37. Rb1 Rea8 38. Nhf4 Ra1 39. Rff1 Rxb1 40. Rxb1 Ra2 41. Nh3 Qa7 42. f4 Ra1 43. Rxa1 Qxa1+ 44. Kg2 Qa2+ 45. Nf2 Qxb3 46. Qxb3 Nxb3 47. Nd3 Nd2 48. e5 dxe5 49. Nxc5 b3 50. Na4 Nxc4 51. f5 gxf5 0-1

[Event "13th World Teams Pool B"]
[Site "Jerusalem ISR"]
[Date "2022.11.21"]
[Round "3.3"]
[White "Vokhidov, Shamsiddin"]
[Black "Akobian, Varuzhan"]
[Result "1/2-1/2"]
[WhiteElo "2568"]
[BlackElo "2591"]
[PlyCount "154"]
[EventDate "2022.11.20"]
[SourceTitle "Ajedrez en Madrid"]
[Source "lmi"]
[SourceDate "2022.11.20"]
[SourceVersion "1"]
[SourceVersionDate "2022.11.25"]
[SourceQuality "1"]
[WhiteTeam "Uzbekistan"]
[BlackTeam "United States"]
[WhiteTeamCountry "UZB"]
[BlackTeamCountry "USA"]

1. e4 e6 2. d4 d5 3. Nc3 Bb4 4. exd5 exd5 5. Bd3 Nc6 6. a3 Ba5 7. Nge2 Nge7 8. O-O O-O 9. Na4 Bf5 10. Bf4 Re8 11. c3 Bxd3 12. Qxd3 Ng6 13. Bg3 Nce7 14. Rae1 c6 15. f4 f5 16. Nc5 Qc8 17. Qc2 Bc7 18. Nc1 Nf8 19. Re3 b6 20. N5d3 Qd7 21. Ne5 Bxe5 22. fxe5 Ne6 23. Ne2 g5 24. Be1 Rf8 25. Rh3 Rf7 26. Ng3 Raf8 27. Bd2 f4 28. Nh5 Ng6 29. Nf6+ Rxf6 30. exf6 Rxf6 31. Rh5 Kg7 32. Qd1 h6 33. Qg4 Nc5 34. Qxd7+ Nxd7 35. g3 fxg3 36. hxg3 Rxf1+ 37. Kxf1 Nf6 38. Rh2 Ne4 39. Be1 Ne7 40. Re2 Nf5 41. Kg2 h5 42. a4 a6 43. Bf2 Kf6 44. Re1 g4 45. b3 Ke6 46. Rh1 Nf6 47. c4 Nd6 48. c5 bxc5 49. dxc5 Nf5 50. b4 d4 51. b5 cxb5 52. axb5 axb5 53. Rb1 Ne4 54. c6 Nc3 55. Re1+ Kd6 56. c7 Kxc7 57. Re5 Nd6 58. Bxd4 b4 59. Rc5+ Kd7 60. Rxh5 Nce4 61. Rh4 Kc6 62. Rxg4 Kd5 63. Bh8 Nf5 64. Rg8 Nexg3 65. Rd8+ Kc4 66. Rf8 Kd3 67. Kf3 b3 68. Rb8 Kc2 69. Kf4 Nd6 70. Kxg3 Nc4 71. Rc8 Kd3 72. Rd8+ Kc2 73. Rd4 b2 74. Rxc4+ Kb3 75. Rc3+ Ka4 76. Rc4+ Kb3 77. Bxb2 Kxc4 1/2-1/2

[Event "13th World Teams Pool B"]
[Site "Jerusalem ISR"]
[Date "2022.11.21"]
[Round "3.3"]
[White "Quesada Perez, Yuniesky"]
[Black "Vakhidov, Jakhongir"]
[Result "1/2-1/2"]
[WhiteElo "2583"]
[BlackElo "2607"]
[PlyCount "84"]
[EventDate "2022.11.20"]
[SourceTitle "Ajedrez en Madrid"]
[Source "lmi"]
[SourceDate "2022.11.20"]
[SourceVersion "1"]
[SourceVersionDate "2022.11.25"]
[SourceQuality "1"]
[WhiteTeam "United States"]
[BlackTeam "Uzbekistan"]
[WhiteTeamCountry "USA"]
[BlackTeamCountry "UZB"]

1. e4 c5 2. Nf3 g6 3. c3 d5 4. e5 a6 5. d4 Nc6 6. Be2 Bg7 7. O-O f6 8. Re1 fxe5 9. Nxe5 cxd4 10. cxd4 Nh6 11. Nd2 Nf5 12. Nxc6 bxc6 13. Nb3 O-O 14. Bg4 Qd6 15. h3 a5 16. Bxf5 Bxf5 17. Be3 Rfb8 18. Re2 Re8 19. f4 g5 20. Rf2 gxf4 21. Bxf4 Qg6 22. Rf3 Kh8 23. Rg3 Qf7 24. Qd2 Bf6 25. Re1 Rg8 26. Ree3 Be4 27. Nc5 Bf5 28. a4 Rg7 29. Kh2 Rag8 30. Rxg7 Rxg7 31. Rg3 h5 32. b4 axb4 33. Qxb4 h4 34. Rxg7 Qxg7 35. Qb8+ Kh7 36. Be5 Be4 37. Nxe4 dxe4 38. a5 e3 39. Qb1+ Kh8 40. Qb8+ Kh7 41. Qb1+ Kh8 42. Qb8+ Kh7 1/2-1/2